000 00369nam a22001457a 4500
999 _c531936
_d531936
003 NUST
020 _a9789695933053
_qH/B.
038 _awaseem
082 _a891.4393
_bTAH
100 _aSarwar, Tahira
_925116
245 _aAskar-e-Pakistan Ki adbi Khidmat /
_cTahira Sarwar
260 _aLahore :
_bSanjh Publications,
_c2012.
300 _a744 p. ;
942 _2ddc
_cBK